header

New instruments in spatial planning (Record no. 111781)

MARC details
000 -LEADER
fixed length control field 01371nam a22003254a 4500
245 00 - TITLE STATEMENT
Title New instruments in spatial planning
260 ## - PUBLICATION, DISTRIBUTION, ETC. (IMPRINT)
Place of publication Amsterdam :
Name of publisher IOS Press,
Year of publication c2008.
300 ## - PHYSICAL DESCRIPTION
Number of Pages 258 p. :
Other physical details ill., maps.
490 1# - SERIES STATEMENT
Series statement Sustainable urban areas,
650 #0 - SUBJECT ADDED ENTRY--TOPICAL TERM
Topical Term Development rights transfer
700 1# - ADDED ENTRY--PERSONAL NAME
Personal name Janssen-Jansen, Leonie.
Personal name Spaans, Marjolein.
Personal name Veen, Menno van der.
856 40 - ELECTRONIC LOCATION AND ACCESS
Uniform Resource Identifier http://site.ebrary.com/lib/rucke/Doc?id=10363638

No items available.

© 2026 Rongo University
Contact us: librarian | system librarian | Rongo university